[Event "Tatarstan-ch"]
[Site "Kazan"]
[Date "2011.12.21"]
[Round "9.8"]
[White "Malygin, Alexander"]
[Black "Belova, Olga"]
[Result "1-0"]
[WhiteElo "2206"]
[BlackElo "2009"]
[PlyCount "93"]
[EventDate "2011.12.13"]
[EventType "swiss"]
[EventRounds "9"]
[EventCountry "RUS"]
[SourceTitle "EXT 2022"]
[Source "ChessBase"]
[SourceDate "2021.10.06"]
[SourceVersion "1"]
[SourceVersionDate "2021.10.06"]
[SourceQuality "1"]

1. e4 c5 2. Nc3 Nc6 3. f4 g6 4. Nf3 Bg7 5. Bb5 Nd4 6. 0-0 a6 7. Bd3 d6 8. Nxd4 cxd4 9. Ne2 Nf6 10. c3 dxc3 11. bxc3 0-0 12. Bc2 Bg4 13. h3 Bxe2 14. Qxe2 Rc8 15. Rb1 Qc7 16. a4 e5 17. f5 d5 18. exd5 Nxd5 19. Be4 Nf4 20. Qf3 gxf5 21. Bxf5 Rb8 22. Qe4 Ng6 23. h4 Qc6 24. Qg4 Nf4 25. Rf2 Nd5 26. Ba3 Nf6 27. Qg3 Rfe8 28. Rbf1 Nh5 29. Qg5 Nf4 30. g3 h6 31. Qg4 h5 32. Qd1 Qf6 33. Qb1 Kh8 34. gxf4 Bh6 35. Bh7 Qg7+ 36. Rg2 Qxh7 37. Qxh7+ Kxh7 38. fxe5 Rxe5 39. Bd6 Rbe8 40. Bxe5 Rxe5 41. Rxf7+ Kh8 42. Kf1 Re4 43. Re2 Kg8 44. Rxe4 Kxf7 45. Ke2 Bf8 46. Rf4+ Ke7 47. Rf5 1-0

[Event "Tatarstan-ch"]
[Site "Kazan"]
[Date "2011.12.15"]
[Round "3.2"]
[White "Malygin, Alexander"]
[Black "Sharafiev, Azat"]
[Result "0-1"]
[WhiteElo "2206"]
[BlackElo "2423"]
[PlyCount "92"]
[EventDate "2011.12.13"]
[EventType "swiss"]
[EventRounds "9"]
[EventCountry "RUS"]
[SourceTitle "EXT 2022"]
[Source "ChessBase"]
[SourceDate "2021.10.06"]
[SourceVersion "1"]
[SourceVersionDate "2021.10.06"]
[SourceQuality "1"]

1. e4 c5 2. Nc3 e6 3. f4 Nc6 4. Nf3 d5 5. Bb5 Nge7 6. exd5 exd5 7. Qe2 g6 8. Qe5 Rg8 9. 0-0 Bg7 10. Qe2 Kf8 11. Bxc6 Nxc6 12. Qf2 Nd4 13. d3 Nxf3+ 14. Qxf3 Be6 15. Bd2 Bf6 16. Rae1 Kg7 17. Ne2 Qd7 18. f5 gxf5 19. Ng3 Kh8 20. Nxf5 Rg6 21. c3 Qa4 22. Bc1 Qxa2 23. h3 Rd8 24. Qf4 Bxf5 25. Qxf5 Qa4 26. Qh5 Qc6 27. Bf4 Kg8 28. Be5 Rg5 29. Qh6 Rg6 30. Qf4 Re8 31. Bxf6 Rxe1 32. Rxe1 Rxf6 33. Qg4+ Kf8 34. Qh5 h6 35. Qg4 b5 36. Re5 d4 37. Qh5 dxc3 38. bxc3 b4 39. Rxc5 Qa6 40. Rf5 Qb6+ 41. d4 Rxf5 42. Qxf5 b3 43. Qh7 b2 44. Qh8+ Ke7 45. Qe5+ Qe6 46. Qc7+ Kf6 0-1

[Event "Moscow op-E"]
[Site "Moscow"]
[Date "2011.02.06"]
[Round "9.116"]
[White "Kalinin, Ivan"]
[Black "Malygin, Alexander"]
[Result "1-0"]
[WhiteElo "1896"]
[BlackElo "2192"]
[PlyCount "59"]
[EventDate "2011.01.29"]
[EventType "swiss"]
[EventRounds "9"]
[EventCountry "RUS"]
[SourceTitle "EXT 2022"]
[Source "ChessBase"]
[SourceDate "2021.10.06"]
[SourceVersion "1"]
[SourceVersionDate "2021.10.06"]
[SourceQuality "1"]

1. d4 f5 2. Nf3 Nf6 3. g3 g6 4. Bg2 Bg7 5. 0-0 0-0 6. b3 a5 7. Bb2 d6 8. c4 c6 9. Nbd2 Na6 10. Re1 Qe8 11. a3 h6 12. e4 fxe4 13. Nxe4 Nxe4 14. Rxe4 Bf5 15. Re3 g5 16. Qe1 Bf6 17. Qxa5 c5 18. Qd2 Qg6 19. Rae1 Qg7 20. Bc3 Rad8 21. dxc5 dxc5 22. Qb2 Kh8 23. Ne5 b6 24. g4 Bh7 25. Bd5 Bg8 26. Bxg8 Kxg8 27. Nc6 Bxc3 28. Qxc3 Qxc3 29. Rxc3 Rd2 30. Nxe7+ 1-0

[Event "Uljanovsk Povolje op"]
[Site "Uljanovsk"]
[Date "2010.11.19"]
[Round "1"]
[White "Malygin, Alexander"]
[Black "Khalimova, Ramilya"]
[Result "1-0"]
[WhiteElo "2199"]
[BlackElo "1624"]
[PlyCount "55"]
[EventDate "2010.11.19"]
[EventType "swiss"]
[EventRounds "9"]
[EventCountry "RUS"]
[SourceTitle "CBM 139 Extra"]
[Source "ChessBase"]
[SourceDate "2011.01.05"]
[SourceVersion "1"]
[SourceVersionDate "2011.01.05"]
[SourceQuality "1"]

1. e4 c5 2. Nc3 Nc6 3. f4 d6 4. Nf3 e6 5. Bb5 Bd7 6. 0-0 Nf6 7. d3 a6 8. Bxc6 Bxc6 9. Qe1 Be7 10. Qg3 g6 11. Kh1 Nh5 12. Qh3 Bd7 13. a4 Ng7 14. a5 Bb5 15. Bd2 c4 16. d4 0-0 17. Qh6 d5 18. Ng5 Bxg5 19. fxg5 Ne8 20. e5 Ng7 21. g4 Bc6 22. Rf4 f6 23. gxf6 Rf7 24. Rff1 Ne8 25. h4 Nxf6 26. Rxf6 Be8 27. Rxf7 Bxf7 28. Rf1 1-0

[Event "Kostroma Volga Cup op"]
[Site "Kostroma"]
[Date "2010.07.??"]
[Round "7"]
[White "Dmitriev, Igor"]
[Black "Malygin, Alexander"]
[Result "1-0"]
[WhiteElo "2366"]
[BlackElo "2162"]
[PlyCount "109"]
[EventDate "2010.07.??"]
[EventType "swiss"]
[EventRounds "9"]
[EventCountry "RUS"]
[SourceTitle "EXT 2011"]
[Source "ChessBase"]
[SourceDate "2010.11.26"]
[SourceVersion "1"]
[SourceVersionDate "2010.11.26"]
[SourceQuality "1"]

1. g3 Nf6 2. Bg2 g6 3. c4 c5 4. Nc3 Bg7 5. Nf3 0-0 6. d4 cxd4 7. Nxd4 Nc6 8. e3 Qa5 9. 0-0 a6 10. Qe2 Qb6 11. Rd1 d6 12. h3 Bd7 13. b3 Rac8 14. Bb2 Rfd8 15. Rac1 Qa5 16. Kh2 h5 17. f4 e5 18. Nf3 Be6 19. Ng5 h4 20. g4 exf4 21. exf4 Re8 22. Nxe6 Rxe6 23. Qf2 g5 24. Kh1 Rce8 25. Rf1 R8e7 26. Rcd1 Re3 27. Nd5 Nxd5 28. Rxd5 Re2 29. Rxa5 Rxf2 30. Rxf2 Nxa5 31. Bxg7 Kxg7 32. fxg5 Nc6 33. Rd2 Re6 34. Bd5 Rg6 35. Be4 Re6 36. Bf5 Re1+ 37. Kg2 Ne5 38. Bc8 b5 39. Bxa6 bxc4 40. bxc4 Rc1 41. Rxd6 Rc2+ 42. Kg1 Rc1+ 43. Kf2 Rc2+ 44. Ke3 Nxc4+ 45. Bxc4 Rxc4 46. Rd3 Ra4 47. a3 Kg6 48. Kd2 Kxg5 49. Rf3 Ra8 50. Kc2 f6 51. Kb2 Ra5 52. Kb3 f5 53. gxf5 Rxf5 54. Rxf5+ Kxf5 55. a4 1-0

[Event "Kostroma Volga Cup op"]
[Site "Kostroma"]
[Date "2010.07.??"]
[Round "2"]
[White "Malygin, Alexander"]
[Black "Bezgodov, Alexei"]
[Result "1/2-1/2"]
[WhiteElo "2162"]
[BlackElo "2491"]
[PlyCount "42"]
[EventDate "2010.07.??"]
[EventType "swiss"]
[EventRounds "9"]
[EventCountry "RUS"]
[SourceTitle "EXT 2011"]
[Source "ChessBase"]
[SourceDate "2010.11.26"]
[SourceVersion "1"]
[SourceVersionDate "2010.11.26"]
[SourceQuality "1"]

1. e4 e5 2. Nf3 Nc6 3. Bc4 Bc5 4. 0-0 d6 5. c3 Nf6 6. d3 a6 7. Bb3 Ba7 8. Nbd2 0-0 9. h3 Ne7 10. Re1 Ng6 11. Nf1 Be6 12. Ng3 c5 13. Bc2 b5 14. d4 h6 15. Be3 Bb6 16. d5 Bd7 17. Qd2 Ne8 18. Nf5 f6 19. g4 c4 20. Kh2 Bxe3 21. fxe3 Nh8 1/2-1/2

[Event "Kostroma Volga Cup op"]
[Site "Kostroma"]
[Date "2010.07.??"]
[Round "5"]
[White "Pak, Alexander"]
[Black "Malygin, Alexander"]
[Result "0-1"]
[WhiteElo "1944"]
[BlackElo "2162"]
[PlyCount "78"]
[EventDate "2010.07.??"]
[EventType "swiss"]
[EventRounds "9"]
[EventCountry "RUS"]
[SourceTitle "EXT 2011"]
[Source "ChessBase"]
[SourceDate "2010.11.26"]
[SourceVersion "1"]
[SourceVersionDate "2010.11.26"]
[SourceQuality "1"]

1. e4 Nc6 2. d4 d5 3. exd5 Qxd5 4. Nf3 Bg4 5. Be2 0-0-0 6. Be3 Nf6 7. 0-0 Bxf3 8. Bxf3 Qd6 9. c3 h5 10. Nd2 Nd5 11. Ne4 Qg6 12. Nc5 e6 13. Be4 f5 14. Bxd5 Rxd5 15. Nd3 Rd8 16. Qb3 Qf6 17. Rfe1 g5 18. Bd2 Rd5 19. h4 Bh6 20. Nc5 Rxc5 21. dxc5 e5 22. hxg5 Bxg5 23. Bxg5 Qxg5 24. Qe6+ Kb8 25. Re3 h4 26. Qd5 e4 27. Rxe4 Rd8 28. Qxd8+ Qxd8 29. Re2 a5 30. Rae1 Qg5 31. Kh1 Ka7 32. Rb1 Qg4 33. Rbe1 h3 34. f3 hxg2+ 35. Kg1 Qxf3 36. Rxg2 f4 37. Rf1 Qe3+ 38. Kh2 Ne5 39. Rgf2 Ng4+ 0-1

[Event "Uljanovsk op"]
[Site "Uljanovsk"]
[Date "2010.02.06"]
[Round "1"]
[White "Malygin, Alexander"]
[Black "Mironov, Vitaly Viktorovich"]
[Result "1-0"]
[WhiteElo "2140"]
[BlackElo "1743"]
[PlyCount "57"]
[EventDate "2010.02.06"]
[EventType "swiss"]
[EventRounds "9"]
[EventCountry "RUS"]
[SourceTitle "CBM 134 Extra"]
[Source "ChessBase"]
[SourceDate "2010.03.03"]
[SourceVersion "1"]
[SourceVersionDate "2010.03.03"]
[SourceQuality "1"]

1. e4 c6 2. d4 d5 3. exd5 cxd5 4. c4 Nf6 5. Nc3 e6 6. Nf3 Be7 7. Be2 0-0 8. 0-0 Nbd7 9. c5 b6 10. b4 Ne4 11. Na4 Qc7 12. Be3 bxc5 13. dxc5 a6 14. Rc1 Ne5 15. Nb6 Rb8 16. g3 Nxf3+ 17. Bxf3 Qc6 18. Bf4 Rb7 19. Be2 Nc3 20. Rxc3 Rxb6 21. cxb6 Qxc3 22. Qa4 e5 23. Rc1 Qb2 24. Rxc8 Rxc8 25. Qd7 Rf8 26. Qxe7 exf4 27. b7 Qb1+ 28. Bf1 Qe4 29. Qxf8+ 1-0

[Event "Tatarstan-ch op"]
[Site "Kazan"]
[Date "2009.08.20"]
[Round "1"]
[White "Belova, Olga"]
[Black "Malygin, Alexander"]
[Result "1/2-1/2"]
[WhiteElo "1866"]
[BlackElo "2183"]
[PlyCount "48"]
[EventDate "2009.08.20"]
[EventType "swiss"]
[EventRounds "9"]
[EventCountry "RUS"]
[SourceTitle "EXT 2010"]
[Source "ChessBase"]
[SourceDate "2010.11.25"]
[SourceVersion "1"]
[SourceVersionDate "2010.11.25"]
[SourceQuality "1"]

1. e4 c5 2. Nf3 e6 3. d4 cxd4 4. Nxd4 a6 5. Nc3 Qc7 6. Bd3 Nf6 7. 0-0 Be7 8. Be3 0-0 9. f4 d6 10. Kh1 Nbd7 11. a4 b6 12. Qd2 Bb7 13. Nb3 Rfe8 14. Rae1 Bf8 15. Bg1 e5 16. f5 d5 17. Nxd5 Nxd5 18. exd5 Nf6 19. c4 e4 20. Be2 b5 21. Qa5 Qd7 22. axb5 axb5 23. Qxb5 Qxb5 24. cxb5 Bxd5 1/2-1/2

[Event "Uljanovsk Privolje op"]
[Site "Uljanovsk"]
[Date "2009.02.04"]
[Round "8"]
[White "Shendrik, Zhanna"]
[Black "Malygin, Alexander"]
[Result "1/2-1/2"]
[WhiteElo "2028"]
[BlackElo "2194"]
[PlyCount "42"]
[EventDate "2009.01.31"]
[EventType "swiss"]
[EventRounds "9"]
[EventCountry "RUS"]
[SourceTitle "EXT 2022"]
[Source "ChessBase"]
[SourceDate "2021.10.06"]
[SourceVersion "1"]
[SourceVersionDate "2021.10.06"]
[SourceQuality "1"]

1. d4 f5 2. Nc3 d5 3. e4 dxe4 4. f3 Nf6 5. Bc4 Nc6 6. Be3 e5 7. dxe5 Qxd1+ 8. Rxd1 Nxe5 9. Bb3 Bd7 10. fxe4 fxe4 11. h3 0-0-0 12. Nge2 Bd6 13. Kd2 h6 14. Kc1 Rde8 15. Rhf1 Rhf8 16. Nf4 g5 17. Nfd5 Nxd5 18. Bxd5 Rxf1 19. Rxf1 Rf8 20. Rxf8+ Bxf8 21. Bxe4 Bc6 1/2-1/2

[Event "Uljanovsk Privolje op"]
[Site "Uljanovsk"]
[Date "2009.02.03"]
[Round "6"]
[White "Yarullina, Alina"]
[Black "Malygin, Alexander"]
[Result "0-1"]
[WhiteElo "2016"]
[BlackElo "2194"]
[PlyCount "128"]
[EventDate "2009.01.31"]
[EventType "swiss"]
[EventRounds "9"]
[EventCountry "RUS"]
[SourceTitle "EXT 2022"]
[Source "ChessBase"]
[SourceDate "2021.10.06"]
[SourceVersion "1"]
[SourceVersionDate "2021.10.06"]
[SourceQuality "1"]

1. e4 Nc6 2. d3 d5 3. Nd2 e5 4. Ngf3 Nf6 5. g3 Bc5 6. Bg2 0-0 7. 0-0 a5 8. a4 Be6 9. Qe2 Re8 10. c3 Qd7 11. Re1 h6 12. Nf1 Rad8 13. Ne3 d4 14. cxd4 Nxd4 15. Nxd4 Bxd4 16. Nc4 b6 17. Be3 Bxe3 18. Qxe3 Ng4 19. Qc1 Qxd3 20. Bf1 Qd4 21. Qc2 Bxc4 22. Bxc4 Qd2 23. Re2 Qxc2 24. Rxc2 c5 25. Ra3 Nf6 26. f3 Rd1+ 27. Kf2 Red8 28. Re3 Kf8 29. Ree2 Ne8 30. Rc3 R1d4 31. b3 Ke7 32. Ke3 Nc7 33. Rec2 Rd1 34. Re2 R8d4 35. Rec2 Rb1 36. Rc1 Rxc1 37. Rxc1 Ne6 38. Bxe6 Kxe6 39. f4 f6 40. Rc2 Kd6 41. Rc1 Kc6 42. fxe5 fxe5 43. Rc2 b5 44. axb5+ Kxb5 45. Ra2 Rd1 46. Ra4 Rb1 47. Ra3 g5 48. Kf3 h5 49. h3 Rc1 50. Kf2 Rc2+ 51. Kf3 Rc3+ 52. Kf2 Kb6 53. Ra2 Rxb3 54. Rd2 h4 55. gxh4 gxh4 56. Kg2 Re3 57. Rb2+ Kc6 58. Ra2 Kb5 59. Rb2+ Kc4 60. Ra2 Kb4 61. Rb2+ Rb3 62. Rd2 a4 63. Rd8 a3 64. Ra8 Kc3 0-1

[Event "Uljanovsk Privolje op"]
[Site "Uljanovsk"]
[Date "2009.01.31"]
[Round "1"]
[White "Malygin, Alexander"]
[Black "Rumyantsev, Nikolay"]
[Result "1-0"]
[WhiteElo "2194"]
[BlackElo "1910"]
[PlyCount "35"]
[EventDate "2009.01.31"]
[EventType "swiss"]
[EventRounds "9"]
[EventCountry "RUS"]
[SourceTitle "EXT 2022"]
[Source "ChessBase"]
[SourceDate "2021.10.06"]
[SourceVersion "1"]
[SourceVersionDate "2021.10.06"]
[SourceQuality "1"]

1. e4 d5 2. exd5 c6 3. c4 cxd5 4. d4 Nf6 5. Nc3 Nc6 6. Nf3 Bg4 7. cxd5 Nxd5 8. Qb3 Nb6 9. d5 Nb8 10. Be3 f6 11. a4 N8d7 12. Be2 g5 13. 0-0 Kf7 14. Nxg5+ fxg5 15. Bxg4 h5 16. Be6+ Kg6 17. Qc2+ Kh6 18. Qf5 1-0

[Event "Tatarstan-ch op"]
[Site "Kazan"]
[Date "2008.08.27"]
[Round "7"]
[White "Malygin, Alexander"]
[Black "Ospennikov, Dmitry V"]
[Result "1-0"]
[WhiteElo "2164"]
[BlackElo "2250"]
[PlyCount "105"]
[EventDate "2008.08.21"]
[EventType "swiss"]
[EventRounds "9"]
[EventCountry "RUS"]
[SourceTitle "EXT 2010"]
[Source "ChessBase"]
[SourceDate "2010.11.25"]
[SourceVersion "1"]
[SourceVersionDate "2010.11.25"]
[SourceQuality "1"]

1. e4 e5 2. Bc4 Bc5 3. Nf3 Nc6 4. 0-0 Nf6 5. d3 0-0 6. c3 d6 7. h3 a6 8. a4 h6 9. Nbd2 Be6 10. Bxe6 fxe6 11. b4 Ba7 12. Qb3 Qd7 13. Nc4 b5 14. Ne3 d5 15. Ng4 Qd6 16. Re1 Nxg4 17. hxg4 d4 18. c4 Qxb4 19. Qa2 Qxa4 20. Qxa4 bxa4 21. Rxa4 a5 22. g5 h5 23. Bd2 Rfb8 24. Rea1 Bc5 25. Bxa5 Bd6 26. c5 Bxc5 27. Bxc7 Rxa4 28. Rxa4 Rb3 29. Rc4 Rc3 30. Nxe5 Nb4 31. Ba5 Rxc4 32. dxc4 Na6 33. Nd3 Kf7 34. f4 Ba7 35. Kf2 Nc5 36. Nxc5 Bxc5 37. Ke2 Kg6 38. Bd2 e5 39. f5+ Kf7 40. Kd3 g6 41. f6 Ke6 42. Kc2 Bd6 43. Kb3 Bc5 44. Ka4 Bf8 45. Kb5 Kd7 46. Kb6 Bd6 47. c5 Bf8 48. f7 d3 49. c6+ Kc8 50. Kb5 Kc7 51. Ba5+ Kd6 52. Kb6 Ke6 53. c7 1-0

[Event "Kostroma Volga Cup op"]
[Site "Kostroma"]
[Date "2008.07.??"]
[Round "9"]
[White "Bruyatskaya, Marina"]
[Black "Malygin, Alexander"]
[Result "1/2-1/2"]
[WhiteElo "2045"]
[BlackElo "2164"]
[PlyCount "51"]
[EventDate "2008.07.??"]
[EventType "swiss"]
[EventRounds "9"]
[EventCountry "RUS"]
[SourceTitle "EXT 2009"]
[Source "ChessBase"]
[SourceDate "2008.11.26"]
[SourceVersion "1"]
[SourceVersionDate "2008.11.26"]
[SourceQuality "1"]

1. d4 f5 2. Nf3 Nf6 3. g3 g6 4. Bg2 Bg7 5. 0-0 0-0 6. c4 d6 7. Nc3 c6 8. Re1 Ne4 9. Ng5 Nxc3 10. bxc3 h6 11. Nf3 Qa5 12. Qb3 Kh7 13. Ba3 Na6 14. e4 f4 15. e5 Qc7 16. e6 Rb8 17. Nh4 Bf6 18. Qc2 Bxh4 19. gxh4 Rf6 20. d5 cxd5 21. cxd5 f3 22. Bf1 Qa5 23. Qb3 Nc5 24. Bxc5 Qxc5 25. Qb5 Qxb5 26. Bxb5 1/2-1/2

[Event "Kostroma Volga Cup op"]
[Site "Kostroma"]
[Date "2008.07.??"]
[Round "2"]
[White "Malygin, Alexander"]
[Black "Dobrov, Vladimir"]
[Result "0-1"]
[WhiteElo "2164"]
[BlackElo "2519"]
[PlyCount "62"]
[EventDate "2008.07.??"]
[EventType "swiss"]
[EventRounds "9"]
[EventCountry "RUS"]
[SourceTitle "EXT 2009"]
[Source "ChessBase"]
[SourceDate "2008.11.26"]
[SourceVersion "1"]
[SourceVersionDate "2008.11.26"]
[SourceQuality "1"]

1. e4 c5 2. Nc3 Nc6 3. f4 g6 4. Nf3 Bg7 5. Bb5 Nd4 6. 0-0 Nxb5 7. Nxb5 d5 8. e5 d4 9. d3 Nh6 10. c3 dxc3 11. bxc3 0-0 12. a4 Bf5 13. d4 a6 14. Na3 cxd4 15. cxd4 Rc8 16. Qb3 Be4 17. Bb2 Nf5 18. Kh1 Qd5 19. Qxd5 Bxd5 20. a5 Bh6 21. Ne1 Rfd8 22. Rf2 Be4 23. Rd1 Ne3 24. Rdd2 Nd5 25. Rde2 Bf5 26. g3 Nb4 27. Rd2 Nc6 28. h3 Nxa5 29. g4 Be4+ 30. Kg1 f5 31. gxf5 Bxf5 0-1

[Event "Kostroma Volga Cup op"]
[Site "Kostroma"]
[Date "2008.07.??"]
[Round "8"]
[White "Malygin, Alexander"]
[Black "Uliashov, Dmitriy"]
[Result "0-1"]
[WhiteElo "2164"]
[BlackElo "2256"]
[PlyCount "54"]
[EventDate "2008.07.??"]
[EventType "swiss"]
[EventRounds "9"]
[EventCountry "RUS"]
[SourceTitle "EXT 2009"]
[Source "ChessBase"]
[SourceDate "2008.11.26"]
[SourceVersion "1"]
[SourceVersionDate "2008.11.26"]
[SourceQuality "1"]

1. e4 c5 2. Nc3 Nc6 3. f4 g6 4. Nf3 Bg7 5. Bb5 Nd4 6. 0-0 Nxb5 7. Nxb5 a6 8. Nc3 e6 9. d3 Ne7 10. Qe1 0-0 11. f5 exf5 12. Qh4 d6 13. Bg5 f6 14. Be3 b6 15. Rae1 Ra7 16. Bd2 g5 17. Qf2 f4 18. Kh1 Ng6 19. Nd5 Be6 20. b4 f5 21. c3 fxe4 22. dxe4 Raf7 23. Rb1 g4 24. Ne1 Bxd5 25. exd5 Ne5 26. Nc2 g3 27. Qg1 Rf5 0-1

[Event "Kostroma Volga Cup op"]
[Site "Kostroma"]
[Date "2008.07.??"]
[Round "3"]
[White "Zizlova, Sofia"]
[Black "Malygin, Alexander"]
[Result "0-1"]
[WhiteElo "2012"]
[BlackElo "2164"]
[PlyCount "80"]
[EventDate "2008.07.??"]
[EventType "swiss"]
[EventRounds "9"]
[EventCountry "RUS"]
[SourceTitle "EXT 2009"]
[Source "ChessBase"]
[SourceDate "2008.11.26"]
[SourceVersion "1"]
[SourceVersionDate "2008.11.26"]
[SourceQuality "1"]

1. c4 e5 2. Nc3 d6 3. d3 g6 4. g3 Bg7 5. Bg2 f5 6. Nf3 Nf6 7. 0-0 0-0 8. Bd2 Nc6 9. Rb1 Nh5 10. b4 f4 11. b5 Ne7 12. Qb3 Kh8 13. a4 c6 14. bxc6 bxc6 15. Qa3 a5 16. Ne4 d5 17. cxd5 cxd5 18. Nd6 Ba6 19. g4 e4 20. Ng5 Kg8 21. gxh5 Be5 22. Ne6 Qd7 23. Nxf8 Rxf8 24. Nxe4 dxe4 25. Qb3+ Rf7 26. hxg6 hxg6 27. Bc3 Bc7 28. f3 e3 29. Ba1 Nd5 30. Rfc1 Bc8 31. Qb5 Qf5 32. Rc5 Be6 33. Qe8+ Rf8 34. Qc6 Bd8 35. Rb7 Bf6 36. Bxf6 Qxf6 37. Rxd5 Rc8 38. Qd6 Rc1+ 39. Bf1 Rxf1+ 40. Kxf1 Bh3+ 0-1